<?xml version="1.0" encoding="UTF-8"?>
<record
    xmlns:xsi="http://www.w3.org/2001/XMLSchema-instance"
    xsi:schemaLocation="http://www.loc.gov/MARC21/slim http://www.loc.gov/standards/marcxml/schema/MARC21slim.xsd"
    xmlns="http://www.loc.gov/MARC21/slim">

  <leader>02139nam a2200265 i 4500</leader>
  <controlfield tag="003">DO-SdBNP</controlfield>
  <controlfield tag="005">20240621100409.0</controlfield>
  <controlfield tag="007">ta</controlfield>
  <controlfield tag="008">240621s1993    sp            000 j spa d</controlfield>
  <datafield tag="020" ind1=" " ind2=" ">
    <subfield code="a">8472236633</subfield>
  </datafield>
  <datafield tag="040" ind1=" " ind2=" ">
    <subfield code="a">DO-SdBNP</subfield>
    <subfield code="b">spa</subfield>
    <subfield code="c">BNPHU</subfield>
    <subfield code="e">rda</subfield>
  </datafield>
  <datafield tag="082" ind1=" " ind2=" ">
    <subfield code="b">B544</subfield>
    <subfield code="2">22</subfield>
  </datafield>
  <datafield tag="100" ind1=" " ind2=" ">
    <subfield code="a">Bertini, Dante</subfield>
    <subfield code="9">11765</subfield>
    <subfield code="e">autor</subfield>
  </datafield>
  <datafield tag="245" ind1="1" ind2="3">
    <subfield code="a">El hombre de sus sue&#xF1;os /</subfield>
    <subfield code="c">Dante Bertini</subfield>
  </datafield>
  <datafield tag="264" ind1=" " ind2="1">
    <subfield code="a">Barcelona, Espa&#xF1;a :</subfield>
    <subfield code="b">TusQuets editores,</subfield>
    <subfield code="c">1993.</subfield>
  </datafield>
  <datafield tag="300" ind1=" " ind2=" ">
    <subfield code="a">165 p&#xE1;ginas,  </subfield>
    <subfield code="c">20 cm.</subfield>
  </datafield>
  <datafield tag="336" ind1=" " ind2=" ">
    <subfield code="2">rdacontent</subfield>
    <subfield code="a">texto</subfield>
    <subfield code="b">txt</subfield>
  </datafield>
  <datafield tag="337" ind1=" " ind2=" ">
    <subfield code="2">rdamedia</subfield>
    <subfield code="a">sin mediaci&#xF3;n </subfield>
    <subfield code="b">n</subfield>
  </datafield>
  <datafield tag="338" ind1=" " ind2=" ">
    <subfield code="2">rdacarrier</subfield>
    <subfield code="a">volumen</subfield>
    <subfield code="b">nc</subfield>
  </datafield>
  <datafield tag="490" ind1="1" ind2=" ">
    <subfield code="a">La sonrisa vertical</subfield>
    <subfield code="a">Er&#xF3;tica</subfield>
    <subfield code="v">84</subfield>
  </datafield>
  <datafield tag="520" ind1=" " ind2=" ">
    <subfield code="a">El hombre de sus sue&#xF1;os de Dante Bertini sali&#xF3; ganadora del XV Premio La sonrisa vertical de entre 129 manuscritos y en una de las convocatorias con m&#xE1;s alto nivel literario.   Con un lenguaje de gran intensidad po&#xE9;tica, Dante Bertini nos cuenta la historia de una mujer que se encamina al encuentro de s&#xED; misma. Liberada ya de presiones familiares, tutelas, servidumbres econ&#xF3;micas y, aparentemente, tambi&#xE9;n de comprometedores lazos amorosos, siente que le falta no obstante dar un paso m&#xE1;s radical hacia el conocimiento de su m&#xE1;s rec&#xF3;ndita identidad : el lento, l&#xFA;cido, voluntario aprendizaje de los inconfesados, dolorosos placeres de la rendici&#xF3;n sexual, m&#xE1;s all&#xE1; de todo l&#xED;mite considerado tolerable. Bertini consigue conducirnos hasta la sutiles, equ&#xED;vocas y siempre espinosas fronteras entre sexo e identidad, hasta ese punto en el que se confunden los g&#xE9;neros, y se nos revela la naturaleza andr&#xF3;gina del ser.   La firme progresi&#xF3;n de la tensi&#xF3;n er&#xF3;tica que, de una manera casi obsesiva, va apoder&#xE1;ndose de la vida de Ella con El, su vecino del piso de arriba, y la relaci&#xF3;n cada vez m&#xE1;s perversa que ir&#xE1; estableci&#xE9;ndose entre los dos y la esposa de &#xE9;ste, no pueden sino llevar al lector hacia la culminaci&#xF3;n de una situaci&#xF3;n absolutamente ambigua, que tanto podr&#xE1; ser castigo como placer, estigma como revelaci&#xF3;n, humillaci&#xF3;n como redenci&#xF3;n.</subfield>
  </datafield>
  <datafield tag="590" ind1=" " ind2=" ">
    <subfield code="a">Inventariado, 2024/ YL</subfield>
  </datafield>
  <datafield tag="910" ind1=" " ind2=" ">
    <subfield code="a">YLockward</subfield>
  </datafield>
  <datafield tag="942" ind1=" " ind2=" ">
    <subfield code="2">ddc</subfield>
    <subfield code="c">LBS1</subfield>
  </datafield>
  <datafield tag="952" ind1=" " ind2=" ">
    <subfield code="0">0</subfield>
    <subfield code="1">0</subfield>
    <subfield code="2">ddc</subfield>
    <subfield code="5">6</subfield>
    <subfield code="7">0</subfield>
    <subfield code="8">GR</subfield>
    <subfield code="a">BNPHU</subfield>
    <subfield code="b">BNPHU</subfield>
    <subfield code="c">CT</subfield>
    <subfield code="d">2008-06-02</subfield>
    <subfield code="e">Donaci&#xF3;n </subfield>
    <subfield code="l">0</subfield>
    <subfield code="o">B544</subfield>
    <subfield code="p">2024-3641</subfield>
    <subfield code="r">2024-06-21</subfield>
    <subfield code="w">2024-06-21</subfield>
    <subfield code="y">LBS1</subfield>
  </datafield>
  <datafield tag="999" ind1=" " ind2=" ">
    <subfield code="c">56916</subfield>
    <subfield code="d">56916</subfield>
  </datafield>
</record>
